| 000 | 00912cad a22002175a 4500 | ||
|---|---|---|---|
| 001 | L154946 | ||
| 008 | 120208s2012 xxkqr p 0 a0eng u | ||
| 035 | _a(Sirsi) u154946 | ||
| 041 | 0 | _aeng | |
| 100 | 1 | _aRowan, Vincent | |
| 245 | 0 | 0 |
_aConstruction contract signed _bwhat next for an owner? _h[electronic resource] |
| 260 |
_a[S.l.] _bReed Smith _c2012 |
||
| 520 | _aThis article discusses reaching the signature stage of a construction contract; pre-qualification stage, tender process, contract-drafting, owner involvement and rights. | ||
| 590 | _aKA | ||
| 651 | 4 |
_aUnited Kingdom _y |
|
| 690 |
_aContracts _96232 |
||
| 690 |
_aProject management _96261 |
||
| 710 | 1 | _aReed Smith | |
| 856 | 4 | 0 |
_uhttps://www.mondaq.com/x/161606/Contracts+Deeds/Construction+Contract+Signed+What+Next+for+an+Owner&email_access=on _zRegister here with Mondaq to view the article free of charge www.mondaq.com |
| 942 | _n0 | ||
| 999 |
_c113253 _d113253 |
||